[Event "18. Open Ciutat de Montcada 2010"]
[Site "Montcada i Reixac ESP"]
[Date "2010.06.29"]
[Round "5.8"]
[White "Cruz, Jonathan"]
[Black "Bhat, Vinay S"]
[Result "1/2-1/2"]
[WhiteElo "2437"]
[BlackElo "2547"]
[PlyCount "68"]
[EventDate "2010.06.25"]
[EventType "swiss"]
[EventRounds "9"]
[EventCountry "ESP"]
[Source "lmi"]
[SourceDate "2010.06.25"]

1. d4 d5 2. Nf3 Nf6 3. c4 c6 4. Nc3 dxc4 5. a4 Bf5 6. e3 e6 7. Bxc4 Bb4 8. O-O
Nbd7 9. Qe2 O-O 10. e4 Bg6 11. e5 Nd5 12. Nxd5 cxd5 13. Bd3 Be7 14. Bd2 Nb8 15.
a5 a6 16. Bxg6 fxg6 17. Ne1 Nc6 18. Bc3 Rc8 19. Nd3 Na7 20. Qg4 Rf5 21. Nf4 Rc6
22. Ne2 Nb5 23. Qh3 Qd7 24. g4 Rf7 25. f4 Rc4 26. Qd3 Bb4 27. Rf3 Be7 28. Raf1
Rc8 29. Be1 Rcf8 30. h4 Na7 31. Nc3 Nc6 32. Ne2 Na7 33. Nc3 Nc6 34. Ne2 Na7
1/2-1/2

[Event "18. Open Ciutat de Montcada 2010"]
[Site "Montcada i Reixac ESP"]
[Date "2010.06.29"]
[Round "5.9"]
[White "Cruz, Cristhian"]
[Black "Mihailovs, Jurijs"]
[Result "0-1"]
[WhiteElo "2533"]
[BlackElo "2405"]
[PlyCount "72"]
[EventDate "2010.06.25"]
[EventType "swiss"]
[EventRounds "9"]
[EventCountry "ESP"]
[Source "lmi"]
[SourceDate "2010.06.25"]

1. d4 Nf6 2. c4 c5 3. d5 b5 4. Nf3 g6 5. cxb5 a6 6. b6 Qxb6 7. Nc3 d6 8. e4 Bg7
9. Nd2 Nbd7 10. Be2 O-O 11. O-O a5 12. Nc4 Qc7 13. a4 Ba6 14. Na3 Bxe2 15. Qxe2
Nb6 16. Rb1 Ne8 17. Ncb5 Qb7 18. b3 f5 19. Nc4 Nc7 20. exf5 Nxb5 21. axb5 Rxf5
22. Nxb6 Qxb6 23. Qxe7 Qxb5 24. Qxd6 a4 25. Qe6+ Rf7 26. Bb2 Bxb2 27. Rxb2 axb3
28. d6 c4 29. Rc1 Re8 30. Qg4 Qe5 31. Rbb1 b2 32. Rd1 Rf4 33. Qd7 c3 34. Qc6
Re4 35. Kf1 Qxh2 36. f3 Qh1+ 0-1

[Event "18. Open Ciutat de Montcada 2010"]
[Site "Montcada i Reixac ESP"]
[Date "2010.06.29"]
[Round "5.10"]
[White "Martinez Duany, Lelys Stanley"]
[Black "Cotonnec, Melkior"]
[Result "1/2-1/2"]
[WhiteElo "2515"]
[BlackElo "2296"]
[PlyCount "72"]
[EventDate "2010.06.25"]
[EventType "swiss"]
[EventRounds "9"]
[EventCountry "ESP"]
[Source "lmi"]
[SourceDate "2010.06.25"]

1. e4 c5 2. Nf3 Nc6 3. Nc3 g6 4. d4 cxd4 5. Nxd4 Bg7 6. Be3 Nf6 7. Be2 O-O 8.
Nb3 d6 9. O-O Be6 10. f4 Qc8 11. Kh1 Rd8 12. Bg1 d5 13. e5 Ne4 14. Qe1 Nxc3 15.
Qxc3 f6 16. exf6 Bxf6 17. Qg3 Bxb2 18. Rae1 Bf6 19. c3 Bf5 20. Bb5 b6 21. Nd4
Nxd4 22. Bxd4 Qc7 23. Rf2 a6 24. Bd3 Bxd4 25. cxd4 Rf8 26. Bxf5 Rxf5 27. Qe3
Raf8 28. g3 g5 29. Rg2 gxf4 30. gxf4+ Kh8 31. Qxe7 Qxe7 32. Rxe7 Rxf4 33. Rgg7
Rh4 34. Rb7 Rf2 35. Kg1 Rfxh2 36. Rgd7 Rh1+ 1/2-1/2

[Event "18. Open Ciutat de Montcada 2010"]
[Site "Montcada i Reixac ESP"]
[Date "2010.06.30"]
[Round "6.1"]
[White "Gonzalez Vidal, Yuri"]
[Black "Larino Nieto, David"]
[Result "1-0"]
[WhiteElo "2543"]
[BlackElo "2461"]
[PlyCount "109"]
[EventDate "2010.06.25"]
[EventType "swiss"]
[EventRounds "9"]
[EventCountry "ESP"]
[Source "lmi"]
[SourceDate "2010.06.25"]

1. e4 e6 2. d4 d5 3. Nd2 Nf6 4. e5 Nfd7 5. Bd3 c5 6. c3 Nc6 7. Ngf3 cxd4 8.
cxd4 f6 9. exf6 Nxf6 10. O-O Bd6 11. b3 O-O 12. Bb2 Qb6 13. Ne5 Bd7 14. Ndf3
Rae8 15. Re1 Re7 16. Nxd7 Nxd7 17. Ng5 h6 18. Nxe6 Rf6 19. Nc5 Rxe1+ 20. Qxe1
Nf8 21. Qe8 Qc7 22. Qh5 Ne7 23. Rc1 Qa5 24. a3 Bf4 25. b4 Qd8 26. Re1 b6 27.
Nb3 Ne6 28. g3 Bc7 29. Bc1 Qd7 30. b5 Bd6 31. Re2 Nc7 32. a4 a6 33. Ra2 axb5
34. axb5 Rf8 35. Qe2 Ra8 36. Rxa8+ Nxa8 37. Kg2 Nc7 38. Nd2 Nc8 39. Qh5 Qf7 40.
Bh7+ Kf8 41. Bg6 Qf6 42. Nf3 Ne7 43. Bd3 Qf7 44. Qh4 Qe6 45. Ne5 Bxe5 46. dxe5
Qxe5 47. Be3 Ne6 48. Bxb6 Qd6 49. Ba5 d4 50. Qe4 Ke8 51. Qa8+ Kd7 52. Bc4 d3
53. Qa7+ Ke8 54. Qe3 Nd5 55. Qe4 1-0

[Event "18. Open Ciutat de Montcada 2010"]
[Site "Montcada i Reixac ESP"]
[Date "2010.06.30"]
[Round "6.2"]
[White "Almeida Quintana, Omar"]
[Black "Cuartas, Jaime Alexander"]
[Result "0-1"]
[WhiteElo "2541"]
[BlackElo "2529"]
[PlyCount "130"]
[EventDate "2010.06.25"]
[EventType "swiss"]
[EventRounds "9"]
[EventCountry "ESP"]
[Source "lmi"]
[SourceDate "2010.06.25"]

1. d4 d5 2. c4 c6 3. Nf3 Nf6 4. Nc3 a6 5. a4 e6 6. Bg5 Nbd7 7. a5 h6 8. Bh4 Bd6
9. e3 O-O 10. Bd3 dxc4 11. Bxc4 Bb4 12. Qa4 c5 13. Be2 b5 14. axb6 Qxb6 15. O-O
cxd4 16. Nxd4 Bb7 17. Qa2 Rfc8 18. Rfc1 Be7 19. Qb3 Qb4 20. Ra4 Qxb3 21. Nxb3
Nb6 22. Bxf6 gxf6 23. Rg4+ Kf8 24. Na5 f5 25. Rd4 Bd5 26. Rdd1 Bf6 27. Nxd5
Nxd5 28. Bf3 Bxb2 29. Bxd5 Rxc1 30. Rxc1 Rd8 31. Rd1 Rxd5 32. Rxd5 exd5 33. Kf1
d4 34. Nc4 Bc3 35. Ke2 dxe3 36. Nxe3 f4 37. Nf5 h5 38. Kd3 Be5 39. Ke4 f6 40.
Kd5 Kf7 41. Kc6 Bc3 42. Kb6 a5 43. Kb5 f3 44. gxf3 Kg6 45. Ne3 Kg5 46. Ng2 Bd2
47. h3 Kf5 48. Ka4 Ke5 49. Kb5 Kd4 50. Nh4 Be1 51. Ng2 Bxf2 52. Nf4 h4 53. Kxa5
f5 54. Ng6 Ke3 55. Kb4 Kxf3 56. Kc4 Kg3 57. Kd3 Bc5 58. Ke2 Bd6 59. Nh8 f4 60.
Nf7 f3+ 61. Kf1 Bf4 62. Nd8 Be3 63. Nc6 Kxh3 64. Ne5 Kg3 65. Nc4 h3 0-1

[Event "18. Open Ciutat de Montcada 2010"]
[Site "Montcada i Reixac ESP"]
[Date "2010.06.30"]
[Round "6.3"]
[White "Bruzon Batista, Lazaro"]
[Black "Cruz, Filemon"]
[Result "1-0"]
[WhiteElo "2668"]
[BlackElo "2447"]
[PlyCount "93"]
[EventDate "2010.06.25"]
[EventType "swiss"]
[EventRounds "9"]
[EventCountry "ESP"]
[Source "lmi"]
[SourceDate "2010.06.25"]

1. e4 e5 2. Nf3 Nc6 3. Bb5 a6 4. Ba4 Nf6 5. O-O Be7 6. Re1 b5 7. Bb3 O-O 8. a4
Bb7 9. d3 d6 10. Nbd2 Nd7 11. c3 Nc5 12. Bc2 Nxa4 13. Bxa4 bxa4 14. Qxa4 Bf6
15. Nc4 Ne7 16. Qc2 Bc8 17. d4 exd4 18. cxd4 Ng6 19. Ne3 Qd7 20. Bd2 Bb7 21.
Bc3 Rfe8 22. Nf5 Rac8 23. d5 Ne5 24. Nxe5 dxe5 25. Red1 g6 26. Ne3 Bg7 27. h3
Rb8 28. Ba5 Rbc8 29. Ra3 Bf8 30. Rc3 Bd6 31. Rc1 Re7 32. Qd2 f5 33. f3 Rf7 34.
Rc4 Qd8 35. Qe1 Qf8 36. Bb4 Rd8 37. Bxd6 cxd6 38. Rc7 Bc8 39. Rxf7 Qxf7 40. Rc6
Qf6 41. Nc4 Qe7 42. Nxd6 Bd7 43. Rxa6 Rb8 44. h4 f4 45. Qf2 Rb4 46. Ra8+ Kg7
47. Qc5 1-0

[Event "18. Open Ciutat de Montcada 2010"]
[Site "Montcada i Reixac ESP"]
[Date "2010.06.30"]
[Round "6.4"]
[White "Narciso Dublan, Marc"]
[Black "Perpinya Rofes, Lluis Maria"]
[Result "1-0"]
[WhiteElo "2535"]
[BlackElo "2344"]
[PlyCount "99"]
[EventDate "2010.06.25"]
[EventType "swiss"]
[EventRounds "9"]
[EventCountry "ESP"]
[Source "lmi"]
[SourceDate "2010.06.25"]

1. d4 Nf6 2. c4 g6 3. Nc3 Bg7 4. e4 d6 5. Be2 O-O 6. Nf3 c5 7. d5 e6 8. O-O
exd5 9. exd5 Re8 10. h3 Bf5 11. Re1 Na6 12. a3 Nc7 13. Ra2 b5 14. b3 Rb8 15.
Bf1 bxc4 16. Bxc4 Ne4 17. Nxe4 Rxe4 18. Rae2 Rxe2 19. Qxe2 Qd7 20. Qe7 Re8 21.
Qxd7 Bxd7 22. Bf4 Rxe1+ 23. Nxe1 Ne8 24. g4 Bb2 25. Nc2 Kf8 26. Kf1 Ke7 27. Ke2
Nc7 28. a4 Bc8 29. b4 Na6 30. bxc5 Nxc5 31. Nb4 Bd7 32. a5 Bc3 33. Bd2 Bxd2 34.
Kxd2 Nb7 35. a6 Nd8 36. Ke3 g5 37. Bd3 h6 38. Nc2 Be8 39. Nd4 Bd7 40. Bf5 Be8
41. Bc8 Kf6 42. f4 Ba4 43. Nf5 Bb3 44. Bb7 h5 45. Nxd6 gxf4+ 46. Kxf4 hxg4 47.
hxg4 Ke7 48. Nc8+ Kd7 49. Nxa7 Kc7 50. Nc6 1-0

[Event "18. Open Ciutat de Montcada 2010"]
[Site "Montcada i Reixac ESP"]
[Date "2010.06.30"]
[Round "6.6"]
[White "Panelo, Marcelo"]
[Black "Munoz Pantoja, Miguel"]
[Result "1/2-1/2"]
[WhiteElo "2450"]
[BlackElo "2476"]
[PlyCount "81"]
[EventDate "2010.06.25"]
[EventType "swiss"]
[EventRounds "9"]
[EventCountry "ESP"]
[Source "lmi"]
[SourceDate "2010.06.25"]

1. d4 Nf6 2. c4 c5 3. d5 g6 4. Nc3 d6 5. Nf3 Bg7 6. g3 O-O 7. Bg2 e5 8. O-O Ne8
9. e4 Bg4 10. h3 Bxf3 11. Qxf3 f5 12. exf5 gxf5 13. Bd2 Nd7 14. Rab1 Qf6 15. a3
Qg6 16. b4 b6 17. g4 f4 18. Ne4 Ndf6 19. bxc5 dxc5 20. Qe2 Nxe4 21. Bxe4 Qh6
22. Kg2 Nd6 23. f3 Rab8 24. a4 Qh4 25. Be1 Qe7 26. Qc2 Bf6 27. h4 Qd7 28. g5
Nxe4 29. Qxe4 Bg7 30. Bc3 Qxa4 31. d6 Qd7 32. Rfd1 Rbe8 33. Rd5 Re6 34. Re1
Rxd6 35. Bxe5 Rxd5 36. cxd5 Bxe5 37. Qxe5 Rf5 38. Qb8+ Rf8 39. Qe5 Rf5 40. Qb8+
Rf8 41. Qe5 1/2-1/2

[Event "18. Open Ciutat de Montcada 2010"]
[Site "Montcada i Reixac ESP"]
[Date "2010.06.30"]
[Round "6.7"]
[White "Asis Gargatagli, Hipolit"]
[Black "Perez Mitjans, Orelvis"]
[Result "1-0"]
[WhiteElo "2406"]
[BlackElo "2420"]
[PlyCount "93"]
[EventDate "2010.06.25"]
[EventType "swiss"]
[EventRounds "9"]
[EventCountry "ESP"]
[Source "lmi"]
[SourceDate "2010.06.25"]

1. e4 c5 2. Nf3 d6 3. d4 cxd4 4. Nxd4 Nf6 5. Nc3 g6 6. Be3 Bg7 7. f3 O-O 8. Qd2
Nc6 9. Bc4 Nd7 10. h4 Nb6 11. Bb3 Na5 12. Qd3 Nxb3 13. axb3 d5 14. Ndb5 a6 15.
Bxb6 Qxb6 16. Nxd5 Qd8 17. Nbc3 b5 18. O-O-O e6 19. Ne3 Qa5 20. Kb1 Bb7 21. Qd6
Rac8 22. b4 Qc7 23. Qxc7 Rxc7 24. Na2 f5 25. exf5 gxf5 26. Rd6 Kf7 27. Rhd1 Ke7
28. Nc1 f4 29. Ng4 h5 30. Nf2 Bf6 31. Rb6 Bxh4 32. Nfd3 Bg3 33. Ne2 Rf5 34. Nd4
Rf6 35. Nc5 Bd5 36. Rxa6 Rg6 37. Nxb5 Rc6 38. Ra7+ Kf6 39. Nd7+ Kg5 40. Ne5 Rg8
41. Rxd5 Rb6 42. Nf7+ Kh4 43. Nbd6 Bf2 44. Raa5 Rxb4 45. Rxh5+ Kg3 46. Rag5+
Rxg5 47. Ne4+ 1-0

[Event "18. Open Ciutat de Montcada 2010"]
[Site "Montcada i Reixac ESP"]
[Date "2010.06.30"]
[Round "6.8"]
[White "Mihailovs, Jurijs"]
[Black "Sanchez Ibern, Marc"]
[Result "1/2-1/2"]
[WhiteElo "2405"]
[BlackElo "2241"]
[PlyCount "55"]
[EventDate "2010.06.25"]
[EventType "swiss"]
[EventRounds "9"]
[EventCountry "ESP"]
[Source "lmi"]
[SourceDate "2010.06.25"]

1. d4 Nf6 2. c4 g6 3. Nc3 d5 4. cxd5 Nxd5 5. e4 Nxc3 6. bxc3 Bg7 7. Bc4 c5 8.
Ne2 Nc6 9. Be3 O-O 10. O-O Bg4 11. f3 Na5 12. Bd5 cxd4 13. cxd4 Bc8 14. Bg5 h6
15. Bh4 g5 16. Bf2 e6 17. Bb3 Nxb3 18. axb3 b6 19. Ng3 Bb7 20. Qd2 f5 21. exf5
exf5 22. Rfe1 Bd5 23. Qd3 Qd7 24. Re2 Rf7 25. Rae1 Bc6 26. Re6 Bd5 27. R6e2 Bc6
28. Re6 1/2-1/2

[Event "18. Open Ciutat de Montcada 2010"]
[Site "Montcada i Reixac ESP"]
[Date "2010.06.30"]
[Round "6.9"]
[White "Bhat, Vinay S"]
[Black "Cotonnec, Melkior"]
[Result "1-0"]
[WhiteElo "2547"]
[BlackElo "2296"]
[PlyCount "77"]
[EventDate "2010.06.25"]
[EventType "swiss"]
[EventRounds "9"]
[EventCountry "ESP"]
[Source "lmi"]
[SourceDate "2010.06.25"]

1. d4 Nc6 2. Bg5 d5 3. Nf3 Bg4 4. e3 f6 5. Bh4 e6 6. h3 Bh5 7. Nbd2 Bd6 8. g4
Bg6 9. a3 h5 10. g5 Nce7 11. Rg1 Qd7 12. c4 c6 13. Qa4 Kf7 14. Qb3 Rc8 15. Bd3
Bxd3 16. gxf6 gxf6 17. Qxd3 Nf5 18. e4 Nxh4 19. Nxh4 Ne7 20. O-O-O Rcg8 21.
Rxg8 Rxg8 22. Qf3 Rg5 23. e5 Nf5 24. Qf4 Be7 25. Ndf3 Rg7 26. Nxf5 exf5 27. c5
Kg8 28. Re1 fxe5 29. Rxe5 Bd8 30. Rxf5 Qe8 31. Ne5 Bc7 32. Kb1 Bxe5 33. dxe5
Qg6 34. Ka2 d4 35. a4 a5 36. Rf8+ Kh7 37. Qxd4 Qe6+ 38. b3 Qg6 39. Kb2 1-0

[Event "18. Open Ciutat de Montcada 2010"]
[Site "Montcada i Reixac ESP"]
[Date "2010.06.30"]
[Round "6.10"]
[White "Alonso Garcia, Rene Marcial"]
[Black "Martinez Duany, Lelys Stanley"]
[Result "1-0"]
[WhiteElo "2393"]
[BlackElo "2515"]
[PlyCount "73"]
[EventDate "2010.06.25"]
[EventType "swiss"]
[EventRounds "9"]
[EventCountry "ESP"]
[Source "lmi"]
[SourceDate "2010.06.25"]

1. e4 g6 2. d4 Bg7 3. Nc3 d6 4. f4 a6 5. Nf3 b5 6. Bd3 Bb7 7. e5 e6 8. a4 b4 9.
Ne4 Ne7 10. O-O Nf5 11. Qe1 a5 12. g4 Ne7 13. Nfg5 h6 14. Nf3 Ba6 15. Bb5+ Bxb5
16. axb5 d5 17. Ng3 Nd7 18. f5 Bf8 19. fxe6 fxe6 20. Qe2 Qb8 21. Be3 Qb6 22.
Ne1 Rb8 23. Qf2 Rh7 24. Nd3 Qxb5 25. Nc5 Nxc5 26. Rxa5 Qb7 27. Qxf8+ Kd7 28.
Qf6 Ne4 29. Nxe4 dxe4 30. d5 Nxd5 31. Qxg6 Re7 32. Qxh6 Rg8 33. h3 Rgg7 34. Rd1
Rh7 35. Rdxd5+ exd5 36. e6+ Kc6 37. Qg5 1-0

[Event "18. Open Ciutat de Montcada 2010"]
[Site "Montcada i Reixac ESP"]
[Date "2010.07.01"]
[Round "7.1"]
[White "Cuartas, Jaime Alexander"]
[Black "Gonzalez Vidal, Yuri"]
[Result "1/2-1/2"]
[WhiteElo "2529"]
[BlackElo "2543"]
[PlyCount "56"]
[EventDate "2010.06.25"]
[EventType "swiss"]
[EventRounds "9"]
[EventCountry "ESP"]
[Source "lmi"]
[SourceDate "2010.06.25"]

1. e4 e5 2. Nf3 Nc6 3. Bb5 a6 4. Ba4 Nf6 5. O-O Be7 6. Re1 b5 7. Bb3 d6 8. c3
O-O 9. h3 h6 10. d4 Re8 11. Nbd2 Bf8 12. Nf1 Bb7 13. Ng3 Na5 14. Bc2 Nc4 15. a4
d5 16. b3 dxe4 17. Nxe4 Nxe4 18. Bxe4 Bxe4 19. Rxe4 Qd5 20. Re1 Na5 21. axb5
Nxb3 22. Rxa6 exd4 23. Rxa8 Rxa8 24. Nxd4 Nxd4 25. Qxd4 Qxb5 26. c4 Qc6 27. Be3
Re8 28. Bd2 Rxe1+ 1/2-1/2

[Event "18. Open Ciutat de Montcada 2010"]
[Site "Montcada i Reixac ESP"]
[Date "2010.07.01"]
[Round "7.3"]
[White "Larino Nieto, David"]
[Black "Narciso Dublan, Marc"]
[Result "0-1"]
[WhiteElo "2461"]
[BlackElo "2535"]
[PlyCount "54"]
[EventDate "2010.06.25"]
[EventType "swiss"]
[EventRounds "9"]
[EventCountry "ESP"]
[Source "lmi"]
[SourceDate "2010.06.25"]

1. d4 Nf6 2. Nf3 e6 3. e3 c5 4. Bd3 b6 5. Nbd2 cxd4 6. exd4 Be7 7. O-O O-O 8.
b3 Bb7 9. Bb2 d6 10. c4 Nbd7 11. Qe2 Re8 12. Rfe1 Bf8 13. a4 e5 14. dxe5 dxe5
15. Bf5 g6 16. Bc2 e4 17. Ng5 Bg7 18. Qf1 Qc7 19. g3 h6 20. Nh3 Rad8 21. Rad1
g5 22. Nb1 Ne5 23. Bxe5 Qxe5 24. Rxd8 Rxd8 25. f4 Qc5+ 26. Qf2 e3 27. Qxe3 Qc6
0-1

[Event "18. Open Ciutat de Montcada 2010"]
[Site "Montcada i Reixac ESP"]
[Date "2010.07.01"]
[Round "7.4"]
[White "Bhat, Vinay S"]
[Black "Asis Gargatagli, Hipolit"]
[Result "1/2-1/2"]
[WhiteElo "2547"]
[BlackElo "2406"]
[PlyCount "89"]
[EventDate "2010.06.25"]
[EventType "swiss"]
[EventRounds "9"]
[EventCountry "ESP"]
[Source "lmi"]
[SourceDate "2010.06.25"]

1. d4 Nf6 2. c4 g6 3. Nc3 d5 4. Bg5 Ne4 5. Bh4 Nxc3 6. bxc3 dxc4 7. e3 Be6 8.
Nf3 Bg7 9. Qb1 b6 10. Ng5 Bd5 11. e4 h6 12. Nh3 Bb7 13. Bxc4 g5 14. Bg3 c5 15.
Qb3 O-O 16. d5 a6 17. O-O b5 18. Be2 c4 19. Bxc4 Nd7 20. Be2 Nc5 21. Qb4 Rc8
22. Rac1 f5 23. f3 fxe4 24. fxe4 Rxf1+ 25. Bxf1 e6 26. Bf2 Bf8 27. Qb1 exd5 28.
exd5 Qxd5 29. c4 Qe4 30. cxb5 Qxb1 31. Rxb1 axb5 32. Rxb5 Bd5 33. a4 Bc6 34.
Rxc5 Bxc5 35. Bxc5 Bxa4 36. Bc4+ Kh7 37. Bd3+ Kg8 38. Bd4 Bc2 39. Be2 Be4 40.
g4 Rc2 41. Kf2 Bd3 42. Ng1 Kf7 43. Kf3 Bxe2+ 44. Nxe2 Kg6 45. Be3 1/2-1/2

[Event "18. Open Ciutat de Montcada 2010"]
[Site "Montcada i Reixac ESP"]
[Date "2010.07.01"]
[Round "7.5"]
[White "Sanchez Ibern, Marc"]
[Black "Almeida Quintana, Omar"]
[Result "1/2-1/2"]
[WhiteElo "2241"]
[BlackElo "2541"]
[PlyCount "101"]
[EventDate "2010.06.25"]
[EventType "swiss"]
[EventRounds "9"]
[EventCountry "ESP"]
[Source "lmi"]
[SourceDate "2010.06.25"]

1. e4 g6 2. d4 Bg7 3. Nc3 c6 4. Bc4 d5 5. exd5 b5 6. Bb3 b4 7. Nce2 cxd5 8. a3
bxa3 9. Rxa3 Nf6 10. Nf3 O-O 11. O-O Nc6 12. Ne5 Bb7 13. Nxc6 Bxc6 14. Bd2 a5
15. Qa1 Qd6 16. Rxa5 Ng4 17. Bf4 e5 18. dxe5 Bxe5 19. Bxe5 Qxe5 20. Ng3 h5 21.
Rxa8 Rxa8 22. Qe1 Qxb2 23. h3 Nf6 24. Qc1 Qd4 25. Rd1 Qe5 26. Re1 Qc3 27. Ne2
Qc5 28. Qf4 Qe7 29. Rc1 Kg7 30. Nd4 Bd7 31. Nf3 Qc5 32. Qd4 Rc8 33. Rd1 Be6 34.
Qe5 Qc7 35. Qxc7 Rxc7 36. Rd4 Ne4 37. Bxd5 Bxd5 38. Rxd5 Rxc2 39. Ng5 Rc5 40.
Rxc5 Nxc5 41. g4 f6 42. Nf3 Kh6 43. Kg2 Ne6 44. Kg3 g5 45. h4 Nc5 46. hxg5+
fxg5 47. Nxg5 hxg4 48. Kxg4 Nd3 49. f3 Kg6 50. f4 Nxf4 51. Kxf4 1/2-1/2

[Event "18. Open Ciutat de Montcada 2010"]
[Site "Montcada i Reixac ESP"]
[Date "2010.07.01"]
[Round "7.6"]
[White "Munoz Pantoja, Miguel"]
[Black "Mestre Bellido, Hector"]
[Result "1/2-1/2"]
[WhiteElo "2476"]
[BlackElo "2404"]
[PlyCount "102"]
[EventDate "2010.06.25"]
[EventType "swiss"]
[EventRounds "9"]
[EventCountry "ESP"]
[Source "lmi"]
[SourceDate "2010.06.25"]

1. e4 e5 2. Nf3 Nc6 3. Bb5 a6 4. Ba4 Nf6 5. Bxc6 dxc6 6. d3 Bd6 7. Nbd2 c5 8.
Nc4 Nd7 9. O-O O-O 10. b3 Re8 11. Bb2 f6 12. c3 b5 13. Na5 c6 14. b4 Qc7 15.
Ba3 Be7 16. Qb3+ Kf8 17. Nh4 Nb6 18. d4 c4 19. Qd1 Be6 20. Qh5 Kg8 21. dxe5
fxe5 22. Rae1 Rf8 23. Nf3 Nd7 24. Bc1 Rae8 25. Ng5 Bxg5 26. Qxg5 Rf6 27. f4 Rg6
28. Qh4 exf4 29. Bxf4 Qc8 30. Qf2 Rf6 31. Qa7 Ref8 32. Bd6 Rxf1+ 33. Rxf1 Rxf1+
34. Kxf1 Nf6 35. Be5 Qf8 36. Qf2 Nxe4 37. Qxf8+ Kxf8 38. Nxc6 Bd5 39. Nb8 Bb7
40. Ke2 g6 41. Ke3 Ke7 42. Kd4 Nf6 43. Kc5 Nd7+ 44. Nxd7 Kxd7 45. g3 Be4 46.
Kb6 Bc2 47. Kxa6 Kc6 48. Ka7 h5 49. h4 Bb1 50. a3 Bc2 51. Bf4 Ba4 1/2-1/2

[Event "18. Open Ciutat de Montcada 2010"]
[Site "Montcada i Reixac ESP"]
[Date "2010.07.01"]
[Round "7.7"]
[White "Alonso Garcia, Rene Marcial"]
[Black "Panelo, Marcelo"]
[Result "0-1"]
[WhiteElo "2393"]
[BlackElo "2450"]
[PlyCount "100"]
[EventDate "2010.06.25"]
[EventType "swiss"]
[EventRounds "9"]
[EventCountry "ESP"]
[Source "lmi"]
[SourceDate "2010.06.25"]

1. e4 c5 2. Nf3 d6 3. d4 Nf6 4. Nc3 cxd4 5. Nxd4 a6 6. Bc4 e6 7. O-O b5 8. Bb3
Be7 9. Be3 O-O 10. f4 b4 11. e5 bxc3 12. exf6 Bxf6 13. bxc3 Bb7 14. Rb1 Qc7 15.
Bf2 Nd7 16. f5 e5 17. Ne6 fxe6 18. fxe6 Nc5 19. e7+ Rf7 20. Bxf7+ Kxf7 21. Qh5+
Kxe7 22. Bh4 Be4 23. Rb4 Qc6 24. Bxf6+ gxf6 25. Qh6 Rf8 26. Rb8 Rxb8 27. Qxf6+
Ke8 28. Qf8+ Kd7 29. Qxb8 Qd5 30. h3 Qd2 31. Rf7+ Ke6 32. Qe8+ Kd5 33. Qg8 Kc4
34. Rxh7+ Kxc3 35. Rf7 Qe3+ 36. Rf2 Bxc2 37. h4 Bd3 38. Qf7 Bc4 39. Qf3 Qxf3
40. Rxf3+ Bd3 41. h5 e4 42. Rh3 Kd2 43. Kf2 d5 44. g4 d4 45. Kg3 e3 46. Kf4 e2
47. Rh2 Bh7 48. g5 Ne6+ 49. Kg4 Nxg5 50. Kxg5 Kd1 0-1

[Event "18. Open Ciutat de Montcada 2010"]
[Site "Montcada i Reixac ESP"]
[Date "2010.07.01"]
[Round "7.8"]
[White "Cruz, Filemon"]
[Black "Randazzo, Adrian"]
[Result "1-0"]
[WhiteElo "2447"]
[BlackElo "2243"]
[PlyCount "91"]
[EventDate "2010.06.25"]
[EventType "swiss"]
[EventRounds "9"]
[EventCountry "ESP"]
[Source "lmi"]
[SourceDate "2010.06.25"]

1. Nf3 c5 2. b3 Nc6 3. Bb2 d6 4. e4 Bg4 5. h3 Bh5 6. Bb5 Qb6 7. Nc3 e6 8. a4 a6
9. a5 Qc7 10. Ba4 Nf6 11. Qe2 O-O-O 12. Bxc6 Qxc6 13. d3 Nd7 14. Ne5 Bxe2 15.
Nxc6 bxc6 16. Kxe2 Be7 17. Na4 Bf6 18. Rhb1 Bxb2 19. Rxb2 Kc7 20. Rba2 Rb8 21.
f4 f6 22. Nb6 Nxb6 23. axb6+ Rxb6 24. Rxa6 Rxa6 25. Rxa6 Kb7 26. Ra1 Rf8 27. g4
Kb6 28. Ke3 d5 29. h4 g6 30. Rh1 e5 31. Rf1 exf4+ 32. Rxf4 Kc7 33. g5 f5 34.
exf5 gxf5 35. Ra4 Rh8 36. Kf4 Kd6 37. Ra7 d4 38. h5 Ke6 39. Rc7 Kd6 40. Rf7 Ke6
41. Rf6+ Kd5 42. Kxf5 Re8 43. Rf7 Re5+ 44. Kf6 Re6+ 45. Kg7 Re5 46. Kh6 1-0

[Event "18. Open Ciutat de Montcada 2010"]
[Site "Montcada i Reixac ESP"]
[Date "2010.07.01"]
[Round "7.9"]
[White "Perpinya Rofes, Lluis Maria"]
[Black "Mihailovs, Jurijs"]
[Result "0-1"]
[WhiteElo "2344"]
[BlackElo "2405"]
[PlyCount "56"]
[EventDate "2010.06.25"]
[EventType "swiss"]
[EventRounds "9"]
[EventCountry "ESP"]
[Source "lmi"]
[SourceDate "2010.06.25"]

1. e4 c5 2. Nf3 e6 3. d4 cxd4 4. Nxd4 a6 5. Nc3 Qc7 6. Be2 b5 7. O-O Bb7 8. Re1
Nc6 9. Nxc6 dxc6 10. e5 Rd8 11. Bd3 c5 12. Qh5 g6 13. Qh3 Bg7 14. Bg5 Ne7 15.
a4 b4 16. Ne4 Bxe4 17. Rxe4 Bxe5 18. Bxa6 Bxb2 19. Bb5+ Kf8 20. Rae1 Bc3 21.
Bc4 h6 22. Bf4 Qb7 23. Rxe6 Nf5 24. R6e5 Bxe1 25. Rxf5 Bc3 26. Bxh6+ Bg7 27.
Bxg7+ Kxg7 28. Qg4 Rd4 0-1

[Event "18. Open Ciutat de Montcada 2010"]
[Site "Montcada i Reixac ESP"]
[Date "2010.07.01"]
[Round "7.10"]
[White "Perez Mitjans, Orelvis"]
[Black "Gomez Jurado, Luis Alberto"]
[Result "0-1"]
[WhiteElo "2420"]
[BlackElo "2287"]
[PlyCount "112"]
[EventDate "2010.06.25"]
[EventType "swiss"]
[EventRounds "9"]
[EventCountry "ESP"]
[Source "lmi"]
[SourceDate "2010.06.25"]

1. e4 c5 2. Nf3 Nc6 3. d4 cxd4 4. Nxd4 Nf6 5. Nc3 e5 6. Ndb5 d6 7. Nd5 Nxd5 8.
exd5 Nb8 9. Qf3 a6 10. Qa3 Be7 11. Bd2 O-O 12. c4 f5 13. Be2 f4 14. O-O-O Bf5
15. f3 Qb6 16. Nc3 Nd7 17. g3 Bg6 18. gxf4 exf4 19. h4 Ne5 20. h5 Bd3 21. Bxd3
Nxd3+ 22. Kb1 Nf2 23. h6 Nxh1 24. Rxh1 Qd4 25. Ne4 Qxc4 26. Bc3 Qd3+ 27. Ka1
Qxf3 28. Rg1 g6 29. Qb4 Qd3 30. Nf2 Qxd5 31. Rd1 a5 32. Qa4 b5 33. Qc2 Qf7 34.
Ng4 b4 35. Bg7 Qf5 36. Qe2 Rf7 37. Nf2 Rc8 38. Qa6 Qc2 39. Rb1 Bf6 40. Bxf6
Rxf6 41. Ne4 Qxe4 42. Qxc8+ Rf8 43. Qc7 Qe5 44. a4 f3 45. Ka2 f2 46. Rf1 b3+
47. Kxb3 Qd5+ 48. Kc2 Qc5+ 49. Qxc5 dxc5 50. Kd3 Rf4 51. Ke3 g5 52. Rxf2 Rxf2
53. Kxf2 Kf7 54. Ke3 Kg6 55. Ke4 Kxh6 56. Kd5 g4 0-1

[Event "18. Open Ciutat de Montcada 2010"]
[Site "Montcada i Reixac ESP"]
[Date "2010.07.02"]
[Round "8.1"]
[White "Bruzon Batista, Lazaro"]
[Black "Cuartas, Jaime Alexander"]
[Result "1-0"]
[WhiteElo "2668"]
[BlackElo "2529"]
[PlyCount "55"]
[EventDate "2010.06.25"]
[EventType "swiss"]
[EventRounds "9"]
[EventCountry "ESP"]
[Source "lmi"]
[SourceDate "2010.06.25"]

1. d4 d5 2. c4 c6 3. Nc3 Nf6 4. e3 a6 5. Nf3 Bg4 6. Qb3 Ra7 7. Ne5 Be6 8. cxd5
cxd5 9. Bd2 g6 10. Rc1 Nc6 11. Nxc6 bxc6 12. Na4 Bd7 13. Nc5 e6 14. Nxd7 Kxd7
15. Qa4 Qa8 16. Ba5 Qc8 17. Bd3 Bd6 18. O-O Ng8 19. e4 f6 20. Rfe1 Ne7 21. Bb6
Ra8 22. e5 fxe5 23. dxe5 Bc7 24. Bc5 Nf5 25. Rc3 Qb7 26. Bxf5 gxf5 27. Rb3 Qc8
28. Rg3 1-0